Online Catalogue and eLibrary

Lawyers as social engineers (Record no. 2818)

MARC details
000 -LEADER
fixed length control field 00526nam a2200205Ia 4500
005 - DATE AND TIME OF LATEST TRANSACTION
control field 20240531041033.0
008 - FIXED-LENGTH DATA ELEMENTS--GENERAL INFORMATION
fixed length control field 240331s9999 xx 000 0 und d
020 ## - INTERNATIONAL STANDARD BOOK NUMBER
ISBN 9559211005
082 ## - DDC Classification
Item Number - Author Mark LAW
Class No. 340
245 #0 - TITLE STATEMENT
Title Lawyers as social engineers
260 ## - PUBLICATION, DISTRIBUTION, ETC.
Place of publication, distribution, etc. Colombo
Name of publisher, distributor, etc. Legal Aid Centre
Date of publication, distribution, etc. 1993
300 ## - PHYSICAL DESCRIPTION
Extent (e.g. Volumes, Pages etc.) 70 p.,
650 ## - SUBJECT ADDED ENTRY--TOPICAL TERM
Topical term or geographic name entry element Law
650 ## - SUBJECT ADDED ENTRY--TOPICAL TERM
Topical term or geographic name entry element Social
700 ## - ADDED ENTRY--PERSONAL NAME
Personal name Gunawardhana, Anandi
Relator term (Role) Editor
700 ## - ADDED ENTRY--PERSONAL NAME
Personal name Muthukrishna, Nishan
Relator term (Role) Editor
700 ## - ADDED ENTRY--PERSONAL NAME
Personal name Mubarak, Parveen
Relator term (Role) Editor
700 ## - ADDED ENTRY--PERSONAL NAME
Personal name Walatara, Savithiri
Relator term (Role) Editor
942 ## - Koha item type (Biblio)
Koha item type Books in Stacks (Lending)
Holdings
Lost status Damaged status Collection code Home library Current library Shelving location Date acquired Full call number Accession Number Item type
    Lending WERC Library WERC Library Social Science Cupboard 03/31/2024 349 LAW 1501 Books in Stacks (Lending)

© WERC Library